[Event "Ch BLR w 2013"]
[Site "?"]
[Date "2013.01.17"]
[Round "8.2"]
[White "Revo, Tatiana"]
[Black "Davydova, Natalia"]
[Result "0-1"]
[WhiteElo "2057"]
[BlackElo "1991"]
[PlyCount "78"]
[EventDate "2013.??.??"]

1. e4 c5 2. Nf3 d6 3. d4 cxd4 4. Nxd4 Nf6 5. Nc3 a6 6. Be3 e5 7. Nb3 Be6 8. f3
Nbd7 9. Qd2 b5 10. O-O-O b4 11. Nd5 Bxd5 12. exd5 a5 13. Kb1 Be7 14. g4 O-O 15.
g5 Nh5 16. Bh3 Nb6 17. Bf1 Qc7 18. f4 a4 19. Nc1 Nxf4 20. Bxf4 exf4 21. Qxf4 a3
22. b3 Rac8 23. Bc4 Nxc4 24. bxc4 Qxc4 25. Qxc4 Rxc4 26. h4 f6 27. Rde1 Bd8 28.
Re6 fxg5 29. hxg5 Bxg5 30. Nd3 Bf4 31. Re7 Rd4 32. Rg1 g6 33. Rh1 Rf7 34. Rxf7
Kxf7 35. Rxh7+ Kf6 36. Rh4 g5 37. Rh6+ Kf5 38. Rh8 Rxd5 39. Nxb4 Rd1# 0-1

[Event "Ch BLR w 2013"]
[Site "?"]
[Date "2013.01.17"]
[Round "8.4"]
[White "Kusenkova, Natallia"]
[Black "Nevioselaya, Maria"]
[Result "0-1"]
[WhiteElo "2019"]
[BlackElo "2065"]
[PlyCount "56"]
[EventDate "2013.??.??"]

1. Nf3 Nf6 2. g3 d5 3. Bg2 c6 4. O-O Bg4 5. d3 Nbd7 6. Nbd2 e5 7. e4 dxe4 8.
dxe4 Be7 9. h3 Bxf3 10. Qxf3 O-O 11. a4 a5 12. Nc4 Qc7 13. Bd2 Nc5 14. Bc3 Nfd7
15. Qg4 Ne6 16. Rfd1 Bb4 17. Bxb4 axb4 18. Nd6 g6 19. h4 h5 20. Qh3 Nd4 21. Nc4
Nc5 22. f4 Nxa4 23. Nxe5 Nxb2 24. Rxa8 Nxd1 25. Rxf8+ Kxf8 26. g4 Ne2+ 27. Kf1
Nxf4 28. Qf3 Qxe5 0-1

[Event "Ch BLR w 2013"]
[Site "?"]
[Date "2013.01.17"]
[Round "8.5"]
[White "Beinenson, Katsiaryna"]
[Black "Kaliadzich, Maryia"]
[Result "0-1"]
[WhiteElo "1974"]
[BlackElo "1950"]
[PlyCount "136"]
[EventDate "2013.??.??"]

1. d4 Nf6 2. Nf3 d5 3. Bf4 e6 4. e3 c5 5. c3 Nc6 6. Nbd2 Be7 7. Bd3 O-O 8. Ne5
Re8 9. Ndf3 a6 10. Ng5 Rf8 11. Qb1 g6 12. Nxh7 Kxh7 13. Bxg6+ Kg7 14. h4 Nxe5
15. dxe5 Ne4 16. Bxe4 dxe4 17. Qxe4 Qd5 18. Qc2 Rh8 19. h5 Kf8 20. h6 Ke8 21.
h7 c4 22. Rd1 Qxg2 23. Ke2 Qg6 24. Kd2 b5 25. Qxg6 fxg6 26. Rdg1 Kf7 27. Rh6
Bb7 28. Rgxg6 Be4 29. Rxe6 Rxh7 30. Rxh7+ Bxh7 31. Rh6 Bf5 32. f3 Rg8 33. Rh2
Rd8+ 34. Ke2 Bd3+ 35. Ke1 Rg8 36. Kf2 Rg6 37. e4 Ke6 38. Ke3 Bc5+ 39. Kd2 Bg1
40. Rh1 Bb1 41. Rh8 Bxa2 42. Ra8 Kd7 43. e6+ Rxe6 44. Be3 Bh2 45. Bd4 Bb1 46.
Ke3 Bd3 47. Rg8 Bd6 48. Ra8 Bc7 49. Ra7 Kc8 50. Ra8+ Kb7 51. Rg8 Rh6 52. Rg7
Kc6 53. Rf7 Rg6 54. f4 Rg2 55. Rf6+ Kb7 56. Rf7 Rg6 57. Be5 Rc6 58. f5 Kc8 59.
Kd4 Bb6+ 60. Kd5 Rc5+ 61. Kd6 Bxe4 62. Rf8+ Kb7 63. f6 Rc6+ 64. Kd7 Bf5+ 65.
Ke8 Re6+ 66. Kf7 Rxe5 67. Kg7 Be6 68. Re8 Bc7 0-1